Lima, limita, limón : Folclore infantil iberoamericano /
Canciones, adivinanzas, trabalenguas y más se incluyen en esta edición argentina de "Lima, limita, limón", título que se ha convertido en un clásico del folclore infantil iberoamericano. Con textos que se han traspasado de generación en generación, este libro despertará en los pequeños lec...
Guardado en:
| Autor Principal: | |
|---|---|
| Otros Autores: | |
| Formato: | Libro |
| Idioma: | Undetermined |
| Publicado: |
Buenos Aires :
SM,
2014.
|
| Edición: | 1a ed. |
| Series: | El barco de vapor. Blanco ;
25 |
| Materias: | |
| Etiquetas: |
Agregar Etiqueta
Sin Etiquetas, Sea el primero en etiquetar este registro!
|
| LEADER | 01054nam a22002175a 4500 | ||
|---|---|---|---|
| 001 | CEM.cems020832 | ||
| 008 | 240226s2014####ag############000#0#und#d | ||
| 005 | 20240226141352.0 | ||
| 245 | 1 | 0 | |a Lima, limita, limón : |b Folclore infantil iberoamericano / |c Manuel Peña Muñoz ; ilustrado por Verónica Laymuns. |
| 250 | |a 1a ed. | ||
| 260 | |a Buenos Aires : |b SM, |c 2014. | ||
| 300 | |a 136 p. | ||
| 490 | 1 | |a El barco de vapor. Blanco ; |v 25 | |
| 520 | |a Canciones, adivinanzas, trabalenguas y más se incluyen en esta edición argentina de "Lima, limita, limón", título que se ha convertido en un clásico del folclore infantil iberoamericano. Con textos que se han traspasado de generación en generación, este libro despertará en los pequeños lectores la fascinación por la literatura. | ||
| 020 | |a 9789875739505 | ||
| 100 | 1 | |a Peña Muñoz, Manuel. | |
| 700 | 1 | |a Laymuns, Verónica; il. | |
| 653 | |a Poesía infantil | ||
| 653 | |a Literatura infantil | ||
| 653 | |a Literatura chilena | ||
| 859 | |a CEMS |b BIB. CEMS - Inicial y Primaria |h Ch861.4 |i P31 |k IP |p 5841 |t Ej.1 | ||
